LEADER 00932nam a2200205 4500 001 000000356164 003 CaOOAMICUS 005 20231121144335.0 008 231121s1967 it 000 u ita r 040 $aSeMil$bita 100 1 $aCenacchi, Giuseppe <1931- >.$0(OLS)http://semarc/name/16725 245 12$aI regolamenti dei Seminari italiani nella loro evoluzione storica e pedagogica / $cGiuseppe Cenacchi. 264 1$aRovigo :$bIstituto padano di arti grafiche,$c1967. 300 $a38 p. ;$c25 cm 650 4$aSeminari - Storia.$0(OLS)http://semarc/subject/1176 850 $aSeMil 852 $aSeMil$W1$xVenegono$y1$m5B IV 7/11$j244578$B247324$CSeMilBibl$Z2$F247324 $81 996 $6245$aI regolamenti dei Seminari italiani nella loro evoluzione storica e pedagogica / $9(OLS)http://semarc/title/446412 996 $6264$aRovigo :$bIstituto padano di arti grafiche$9(OLS)http://semarc/publisher/30752 LEADER 01319nam a2200265 i 4500 001 000000115738 003 CaOOAMICUS 005 20030528000000.0 008 030528n su u000 u mul u 013 $a88427 040 $aSeMil$bita 100 1 $aAli, Abdullah Yusuf <1872-1952>.$0(OLS)http://semarc/name/48348 240 00$aCorano.$0(OLS)http://semarc/title/92367 245 14$aThe Holy Qur-an :$benglish translation of the meanings and commentary /$crevised and edited by The presidency of Islamic researches, IFTA, call and guidance. 260 $aAl-Madinah :$bKing Fahd Holy Qur-an Printing Complex,$c[199?] 300 $aX, 2082 p. ;$c25 cm. 500 $aTesto arabo e traduzione inglese a fronte.- Fondo Card. C.M. Martini. 650 4$aCorano - Traduzioni inglesi.$0(OLS)http://semarc/subject/21233 700 1 $aIslamic researches IFTA call and guidance : presidency.$0(OLS)http://semarc/name/48349 850 $aSeMil 852 $aSeMil$W1$xVenegono$y1$m2X IV 171$j71244$B71244$CSeMilBibl$Z2$F75954 $81 941 1 $a4 961 $aOmaggio: Martini Card. Carlo Maria 996 $6245$aThe Holy Qur-an :$benglish translation of the meanings and commentary$9(OLS)http://semarc/title/169586 996 $6260$aAl-Madinah :$bKing Fahd Holy Qur-an Printing Complex$9(OLS)http://semarc/publisher/45492